| 000 | 01341nam a2200361 c 4500 | ||
|---|---|---|---|
| 999 |
_c24244 _d24244 |
||
| 001 | 24244 | ||
| 003 | ES-MaCES | ||
| 005 | 20180928104742.0 | ||
| 008 | 120202s2011 sp d t o000 | spa d | ||
| 017 |
_aBA 393-2011 _bDL |
||
| 035 | _aCES20120000606m | ||
| 040 |
_aES-MaCES _bspa _cES-MaCES |
||
| 110 | 2 |
_aConsejo Económico y Social de Extremadura _92436 |
|
| 245 | 1 | 0 |
_aMemoria anual 2010, situación socioeconómica de la Comunidad Autónoma de Extremadura _b; Memoria de actividades 2010 _cConsejo Económico y Social de Extremadura |
| 260 |
_a[Mérida] _bCES _c[2011] |
||
| 300 |
_a750 p. _bgráf. col. _c24 cm |
||
| 500 | _aLa ed. de 2013 en soporte CD-ROM | ||
| 541 | _cGratuito | ||
| 610 | 2 | 4 |
_aConsejo Económico y Social de Extremadura _92436 |
| 650 | 4 |
_acondiciones económicas _927081 |
|
| 650 | 4 |
_aindicador económico _927073 |
|
| 650 | 4 |
_acondiciones sociales _930469 |
|
| 650 | 4 |
_aindicador social _927259 |
|
| 650 | 4 |
_aExtremadura _930798 |
|
| 650 | 4 |
_a2010 _931233 |
|
| 650 | 4 |
_ainforme de actividades _928984 |
|
| 650 | 4 |
_amemoria anual _928977 |
|
| 653 | 1 | 0 | _aCondiciones económicas |
| 787 | 0 |
_tMemoria anual 2009, situación socioeconómica de la Comunidad Autónoma de Extremadura _w(ES-MaCES)23472 |
|
| 902 | _aLIB Libro | ||
| 942 |
_2CES _cBK _h0.0. |
||